Impossible Quiz - Statistics

General Stats
  • This quiz has been taken 821 times
  • The average score is 11 of 12
Answer Stats
Hint Answer % Correct
How many of the rhombicosidodecahedron's sides are triangles? 20
93%
Which South Korean city has an area of 883.70km squared, and has an international airport code TAE? Daegu
93%
What is the airport code for Daegu International Airport? TAE
93%
Tsegmidiin Namsraijav was the first conductor of the Mongolian Symphony Orchestra, which was established in what year? 1957
91%
Which Danish fish stew notably contains aquavit as one of its key ingredients, which is a caraway flavoured vodka? Mojakka
90%
Which musical group was established on the 5th of June 1957, under the 118th decree by the ministry of culture, and was first conducted by Tsegmidiin Namsraijav? Mongolian Symphony Orchestra
90%
What is the 22-lettered name given to the Archimedean solid which consists of 20 triangles, 30 squares, and 12 pentagons? Rhombicosidodecahedron
90%
To make mojakka, aquavit is used, which is vodka flavoured with what? Caraway
89%
What is the surname of the first conductor of the Mongolian Symphony Orchestra, who began this role when the group was set up in the 1950s? Namsraijav
88%
In the dish mojakka, which vodka is commonly used, flavoured with a specific plant in the carrot family? Aquavit
87%
The 62-sided rhombicosidodecahedron falls into the category of solids named after which Greek mathematician? Archimedes
87%
The city which houses Daegu International Airport, code TAE, has what area, to the nearest square kilometre? 884
83%
No matching quizzes found
Score Distribution
Percent of People with Each Score
Percentile by Number Answered
Your Score History
You have not taken this quiz